000 00382nam a2200109Ia 4500
008 160909s9999 xx 000 0 und d
100 _aMoye, Ashley
245 _aMarket Orientation in Government Markets and Veteran-Owned Small Businesses
260 _bWalden University.
_c2016
650 _aMARKETING MANAGEMENT
856 _uhttp://pqdtopen.proquest.com/doc/1796355278.html?FMT=ABS
999 _c304766
_d304766